Indian constitutional law / (Record no. 200302)
[ view plain ]
| 000 -LEADER | |
|---|---|
| fixed length control field | 00675nam a22002057a 4500 |
| 005 - DATE AND TIME OF LATEST TRANSACTION | |
| control field | 20240119160017.0 |
| 010 ## - LCCN (DPL NO) | |
| LC control number | ENG-138950-51 |
| 020 ## - INTERNATIONAL STANDARD BOOK NUMBER | |
| International Standard Book Number | 9789395116237 (sets of 2vol.) |
| Terms of availability | 5995.00 |
| 035 ## - SYSTEM CONTROL NUMBER | |
| System control number | EN-122482-83 |
| 037 ## - SOURCE OF ACQUISITION | |
| Source of stock number/acquisition | DBAD/PUB |
| 082 ## - DEWEY DECIMAL CLASSIFICATION NUMBER | |
| Classification number | 342.54 |
| 100 ## - MAIN ENTRY--PERSONAL NAME | |
| Personal name | Jain, M.P. |
| 245 ## - TITLE STATEMENT | |
| Title | Indian constitutional law / |
| Statement of responsibility, etc | by M.P. Jain |
| 250 ## - EDITION STATEMENT | |
| Edition statement | 8th ed |
| 260 ## - PUBLICATION, DISTRIBUTION, ETC. (IMPRINT) | |
| Place of publication, distribution, etc | Gurgaon |
| Name of publisher, distributor, etc | Lexis Nexis |
| Date of publication, distribution, etc | 2023 |
| 270 ## - ADDRESS | |
| Address | 14th Floor, Building N-10,Tower- B, DLF Cyber City, Phase-11, |
| City | Gurgaon (Haryana) |
| Postal code | 122002 |
| 300 ## - PHYSICAL DESCRIPTION | |
| Extent | 2vol.(cccliv,1701,35p.;cccliv,3325,35p.:) |
| Other physical details | 27cm(HB) |
| Dimensions | ill. |
| 500 ## - GENERAL NOTE | |
| General note | Includes index |
| 942 ## - ADDED ENTRY ELEMENTS (KOHA) | |
| Source of classification or shelving scheme | Dewey Decimal Classification |
| Item type | English Books |
| Classification part | 342.54 |
| Call number suffix | JAI |
| Withdrawn status | Lost status | Materials specified (bound volume or other part) | Not for loan | Collection code | Home library | Current library | Date acquired | Source of acquisition | Cost, normal purchase price | Full call number | Barcode | Copy number | Cost, replacement price | Koha item type |
|---|---|---|---|---|---|---|---|---|---|---|---|---|---|---|
| vol.1 | Not For Loan | Reference | Ashok Vihar | Ashok Vihar | 19/01/2024 | DBAD/PUB | 5995.00 | 342.54 JAI | EN-122482 | 1 | 5995.00 | English Books | ||
| vol.2 | Not For Loan | Reference | Ashok Vihar | Ashok Vihar | 19/01/2024 | DBAD/PUB | 5995.00 | 342.54 JAI | EN-122483 | 2 | 5995.00 | English Books |
